Les 12 serpents les plus dangereux en images - Statistiques

Statistiques générales
  • Ce quiz a été pris 175 fois
  • Le résultat moyen est 3 sur 12
Statistiques - réponses
Par images Hint Réponse % Correct
Chine - Ophiophagus hannah CR {Cobra royal}
86%
Afrique-du-Sud - Dendroaspis polylepis MN {Mamba noir}
81%
Philippines - Naja philippinensis CDP {Cobra des Philippines}
46%
Oman - Echis omanensis VDO {Vipère d'Oman}
23%
Inde - Daboia russelii VDR {Vipère de Russell}
23%
Australie - Pseudonaja textilis SB {Serpent brun}
9%
Costa Rica - Lachesis Melanocephala MDLBATN {Maître de la brousse à tête noire}
4%
Brésil - Bothrops jararaca SJ {Serpent Jararaca}
4%
Europe - Montivipera xanthina VO {Vipère ottomane}
3%
Malaisie - Naja sumatrana CCE {Cobra cracheur équatorial}
1%
Etats-Unis - Crotalus scutulatus CDM {Crotale de Mojave}
1%
Mexique - Bothrops asper T {Terciopelo}
1%
Aucun quiz correspondant
Distribution des résultats
% des personnes avec chaque résultat
Percentile par nombre de réponses
Votre historique - résultats
Vous n’avez pas pris ce quiz